Los astros y los sentimientos / (Registro nro. 7112)

Detalles MARC
000 -LEADER
fixed length control field 00483nam a2200181 a 4500
001 - CONTROL NUMBER
control field 000031669
003 - CONTROL NUMBER IDENTIFIER
control field 000031669
005 - DATE AND TIME OF LATEST TRANSACTION
control field 20160920113039.0
008 - FIXED-LENGTH DATA ELEMENTS--GENERAL INFORMATION
fixed length control field 110629s1991 dr 000 0 spa d
040 ## - CATALOGING SOURCE
Original cataloging agency BPMET
Language of cataloging spa
Transcribing agency BPMET
049 ## - LOCAL HOLDINGS (OCLC)
Holding library BNPD
100 1# - MAIN ENTRY--PERSONAL NAME
Personal name Solano, Ramón
245 14 - TITLE STATEMENT
Title Los astros y los sentimientos /
Statement of responsibility, etc. Ramón Solano.
260 ## - PUBLICATION, DISTRIBUTION, ETC. (IMPRINT)
Place of publication, distribution, etc. Santo Domingo :
Name of publisher, distributor, etc. [s.n.],
Date of publication, distribution, etc. 1991.
300 ## - PHYSICAL DESCRIPTION
Extent 20 p. ;
Dimensions 22 cm.
942 ## - ADDED ENTRY ELEMENTS (KOHA)
Source of classification or shelving scheme Dewey Decimal Classification
Koha item type Libros
956 ## - LOCAL ELECTRONIC LOCATION AND ACCESS (OCLC)
Host name VMATEO
Access number 10
Compression information 20110630
Logon BPMSU
Processor of request 0069
Existencias
Withdrawn status Lost status Source of classification or shelving scheme Damaged status Not for loan Collection code Home library Current library Date acquired Total Checkouts Barcode Date last seen Copy number Price effective from Koha item type
    Dewey Decimal Classification       Biblioteca Pública Metropolitana Salomé Ureña Biblioteca Pública Metropolitana Salomé Ureña 07/09/2014   BPMET15040492 07/09/2014 1 07/09/2014 Libros